Manufacturing engineering and technology / (Record no. 31655)

000 -LEADER
fixed length control field 00997pam a2200301 a 4500
001 - CONTROL NUMBER
control field 1598768
003 - CONTROL NUMBER IDENTIFIER
control field OSt
005 - DATE AND TIME OF LATEST TRANSACTION
control field 20211215151555.0
008 - FIXED-LENGTH DATA ELEMENTS--GENERAL INFORMATION
fixed length control field 941024s1995 maua b 001 0 eng
010 ## - LIBRARY OF CONGRESS CONTROL NUMBER
LC control number 94040854
020 ## - INTERNATIONAL STANDARD BOOK NUMBER
International Standard Book Number 0201538466
038 ## - RECORD CONTENT LICENSOR
Staff Name khadija
040 ## - CATALOGING SOURCE
Original cataloging agency DLC
Transcribing agency DLC
Modifying agency DLC
050 00 - LIBRARY OF CONGRESS CALL NUMBER
Classification number TS176
Item number .K34 1995
082 00 - DEWEY DECIMAL CLASSIFICATION NUMBER
Classification number 670.42
Edition number 20
Author Mark KAL
100 1# - MAIN ENTRY--PERSONAL NAME
Personal name Kalpakjian, Serope,
Dates associated with a name 1928-
9 (RLIN) 55074
245 10 - TITLE STATEMENT
Title Manufacturing engineering and technology /
Statement of responsibility, etc. Serope Kalpakjian.
250 ## - EDITION STATEMENT
Edition statement 3rd ed.
260 ## - PUBLICATION, DISTRIBUTION, ETC.
Place of publication, distribution, etc. Reading, Mass. :
Name of publisher, distributor, etc. Addison-Wesley,
Date of publication, distribution, etc. c1995.
300 ## - PHYSICAL DESCRIPTION
Extent xx, 1271 p. :
Other physical details ill. ;
Dimensions 24 cm.
504 ## - BIBLIOGRAPHY, ETC. NOTE
Bibliography, etc. note Includes bibliographical references and index.
563 ## - BINDING INFORMATION
Binding note Hardcover
650 #0 - SUBJECT ADDED ENTRY--TOPICAL TERM
Topical term or geographic name entry element Production engineering.
9 (RLIN) 2471
650 #0 - SUBJECT ADDED ENTRY--TOPICAL TERM
Topical term or geographic name entry element Manufacturing processes.
9 (RLIN) 14649
906 ## - LOCAL DATA ELEMENT F, LDF (RLIN)
a 7
b cbc
c orignew
d 1
e ocip
f 19
g y-gencatlg
942 ## - ADDED ENTRY ELEMENTS (KOHA)
Source of classification or shelving scheme
Koha item type Book
Holdings
Withdrawn status Lost status Source of classification or shelving scheme Damaged status Not for loan Permanent Location Current Location Shelving location Date acquired Full call number Barcode Date last seen Price effective from Koha item type
          School of Mechanical & Manufacturing Engineering (SMME) School of Mechanical & Manufacturing Engineering (SMME) General Stacks 06/29/2015 670.42 KAL SMME-172 03/20/2018 06/29/2015 Book
© 2023 Central Library, National University of Sciences and Technology. All Rights Reserved.